Poompattavetta/ (Record no. 182016)

000 -LEADER
fixed length control field 00380nam a22001577a 4500
020 ## - INTERNATIONAL STANDARD BOOK NUMBER
ISBN 9789364870061
082 ## - DEWEY DECIMAL CLASSIFICATION NUMBER
Classification number M301
Item number NAV/P
100 ## - MAIN ENTRY--AUTHOR NAME
Personal name Navami Latha
245 ## - TITLE STATEMENT
Title Poompattavetta/
Statement of responsibility, etc by Navami Latha
260 ## - PUBLICATION, DISTRIBUTION, ETC. (IMPRINT)
Place of publication Kottayam:
Name of publisher Sedora,
Year of publication 2025.
300 ## - PHYSICAL DESCRIPTION
Number of Pages 110p.
650 ## - SUBJECT ADDED ENTRY--TOPICAL TERM
Topical Term Short Stories Malayalam
650 ## - SUBJECT ADDED ENTRY--TOPICAL TERM
Topical Term Literature Malayalam
650 ## - SUBJECT ADDED ENTRY--TOPICAL TERM
Topical Term Literature
942 ## - ADDED ENTRY ELEMENTS (KOHA)
Koha item type Book
Holdings
Withdrawn status Lost status Damaged status Not for loan Permanent Location Current Location Shelving location Date acquired Cost, normal purchase price Full call number Accession Number Price effective from Koha item type
        Sree Sankaracharya University of Sanskrit Sree Sankaracharya University of Sanskrit Stacks 03.06.2026 160.00 M301 NAV/P 109021 03.06.2026 Book